000 00742cam a22002171 4500
001 agr30000448
003 DLC
005 20260227110949.0
008 800110s1929 io b 000 0 eng
010 _aagr30000448
035 _a(OCoLC)5861063
040 _aDLC
_cNIC
_dOCoLC
_dOO
_dDLC
042 _apremarc
050 0 0 _aQK962.D8
_bB3
100 1 _aBacker, Cornelis Andries,
_d1874-1963.
245 1 4 _aThe problem of Krakatao as seen by a botanist,
_bby C. A. Backer. Published by the author.
260 _a[Sourabaya (Java)
_bPrinted by H. Van Ingen,
_c1929]
300 _a3 p. l., 299 p.
_b2 maps on 1 l.
_c28 cm.
500 _a"Further publications on the revegation of Krakatao": p. [273]-286.
650 0 _aBotany
_zIndonesia
_zKrakatoa.
999 _c9335
_d9335